Multiple-Choice-Stadtquiz Trier - Statistiken

Allgemein
  • Dieses Quiz wurde 125 mal gespielt
    31 seit der letzten Aktualisierung
  • Das Durchschnittsergebnis liegt bei 7 aus 10
Antwortstatistiken
Frage Antwort % Korrekt
Welcher Gebirge liegt in der Nähe von Trier? Eifel
100%
In welchem Bundesland liegt Trier? Rheinland-Pfalz
100%
Wie hieß Trier in der Antike? Augusta Treverorum
92%
Welcher Fluss fließt durch Trier? Mosel
88%
Welcher Fluss Nahe Trier gehört vollständig zu Luxemburg und Deutschland gleichzeitig? Sauer
88%
Wie heißt eine Brücke in Trier die, über den Fluss aus Frage 3 führt? Kaiser-Wilhelm-Brücke
63%
Eine Sehenswürdigkeit heißt Gladiator… Valerius
42%
Kurtrier war einer der sieben ursprünglichen Kurfürstenstaaten. Bis zu welchem Jahre gab es Kurtrier? 1806
38%
Welche Autobahn führt in der Nähe der Innenstadt lang? 602
38%
Wie heißt das jährliche Fahrradrennen in Trier? Großer Preis der Stadt Trier
38%
Keine übereinstimmenden Quizze gefunden
Verteilung der Resultate
Anzahl Personen mit jedem Resultat
Perzentil nach korrekt beantworteten Fragen
Ihre Resultats-Entwicklung
Sie haben dieses Quiz seit der letzten Aktualisierung nicht gespielt